Tilastot visalle Olympialaisten 1952 osallistujamaat

Klikkaa tästä pelataksesi tätä visaa!

Yleistilastot

  • Tätä visaa on pelattu 36 kertaa
  • Keskiarvotulos 48 / 68

Vastaustilastot

Valtio% Oikein
Norja
100%
Puerto Rico
100%
Yhdysvallat
100%
Kanada
96%
Neuvostoliitto
96%
Ruotsi
96%
Saksa
96%
Australia
92%
Japani
92%
Portugali
92%
Tanska
92%
Alankomaat
88%
Alankomaiden Antillit
88%
Belgia
88%
Hongkong
88%
Kiina
88%
Kreikka
88%
Tšekkosslovakia
88%
Brasilia
85%
Espanja
85%
Intia
85%
Irlanti
85%
Italia
85%
Meksiko
85%
Ranska
85%
Saarin protektoraatti
85%
Suomi
85%
Sveitsi
85%
Argentiina
81%
Egypti
81%
Itävalta
81%
Jugoslavia
81%
Kultarannikko
81%
Bermuda
77%
Chile
77%
Iso-Britannia
77%
Iso-Britannia
77%
Puola
77%
Jamaika
73%
Uusi-Seelanti
73%
Kuuba
69%
Luxemburg
69%
Bulgaria
65%
Etelä-Korea
65%
Indonesia
65%
Romania
65%
Thaimaa
65%
Turkki
65%
Vietnam
65%
Etelä-Afrikka
62%
Iran
58%
Uruguay
58%
Israel
54%
Filippiinit
50%
Liechtenstein
50%
Pakistan
50%
Panama
50%
Venezuela
50%
Burma
42%
Monaco
31%
Bahama
27%
Nigeria
27%
Guatemala
23%
Singapore
23%
Ceylon
19%
Trinidad ja Tobago
15%
Brittiläinen Guyana
12%
Libanon
12%

Tulosjakauma

Persentiili vastausten määrän mukaan

Jokaisen tuloksen saaneiden osuus

Tuloshistoriasi

Et ole pelannut tätä visaa